[Event "FIDE World Uni Rapid-D 1st"]
[Site "Tornelo INT"]
[Date "2021.03.21"]
[Round "9"]
[White "Ribeiro, Rafael A Figueiredo"]
[Black "Luna Javier, Edgar Froylan"]
[Result "0-1"]
[WhiteElo "1783"]
[BlackElo "2114"]
[PlyCount "62"]
[EventDate "2021.03.20"]
[EventType "swiss (rapid)"]
[EventRounds "12"]
[EventCountry "NET"]
[SourceTitle "EXT 2022"]
[Source "ChessBase"]
[SourceDate "2021.10.06"]
[SourceVersion "1"]
[SourceVersionDate "2021.10.06"]
[SourceQuality "1"]

1. e4 c5 2. c3 Nf6 3. e5 Nd5 4. Nf3 Nc6 5. d4 cxd4 6. Bc4 Nb6 7. Bb3 d6 8. exd6 Qxd6 9. 0-0 e5 10. Ng5 Be6 11. Nxe6 fxe6 12. Qh5+ g6 13. Qg4 Nd5 14. c4 Nf6 15. Qh3 Qd7 16. f4 e4 17. c5 Nd5 18. Nd2 e3 19. Ne4 0-0-0 20. Nf6 Nxf6 21. Bxe6 Bxc5 22. Bxd7+ Rxd7 23. Re1 Re8 24. Kf1 Nd5 25. Qf3 d3 26. Bxe3 Nxe3+ 27. Rxe3 Rxe3 28. Qg4 Re2 29. Rd1 Rf2+ 30. Ke1 d2+ 31. Rxd2 Rfxd2 0-1

[Event "FIDE World Uni Rapid-D 1st"]
[Site "Tornelo INT"]
[Date "2021.03.20"]
[Round "5"]
[White "Eswaran, Ashritha"]
[Black "Ribeiro, Rafael A Figueiredo"]
[Result "1-0"]
[WhiteElo "2244"]
[BlackElo "1783"]
[PlyCount "117"]
[EventDate "2021.03.20"]
[EventType "swiss (rapid)"]
[EventRounds "12"]
[EventCountry "NET"]
[SourceTitle "EXT 2022"]
[Source "ChessBase"]
[SourceDate "2021.10.06"]
[SourceVersion "1"]
[SourceVersionDate "2021.10.06"]
[SourceQuality "1"]

1. Nf3 Nf6 2. c4 e6 3. g3 d5 4. Bg2 Be7 5. 0-0 0-0 6. b3 b6 7. Bb2 Bb7 8. d3 c5 9. Nbd2 d4 10. b4 Nbd7 11. Rb1 Qc7 12. Ba1 Rab8 13. b5 e5 14. a4 Rfe8 15. a5 bxa5 16. Qa4 a6 17. e4 axb5 18. cxb5 Ra8 19. Nc4 Bd8 20. Bh3 Nb6 21. Nxb6 Qxb6 22. Nd2 Bc8 23. Nc4 Qb8 24. Bxc8 Qxc8 25. Nd6 Qd7 26. Nxe8 Nxe8 27. f4 exf4 28. gxf4 Qg4+ 29. Kh1 Nf6 30. Qc2 Bc7 31. Qg2 Qe6 32. Rbc1 Bb6 33. Bb2 Rb8 34. Ba3 Nd7 35. Rg1 g6 36. f5 Qe5 37. Rcf1 Bd8 38. Bc1 Qe8 39. fxg6 hxg6 40. Rf3 Bf6 41. Rg3 Rxb5 42. Qa2 Kg7 43. Rh3 Ne5 44. Bh6+ Kg8 45. Bf4 Kg7 46. Qg2 a4 47. Qg3 Kg8 48. Bxe5 Qxe5 49. Qg4 Rb8 50. Ra1 Ra8 51. Rxa4 Rb8 52. Ra1 Bg7 53. Qh4 c4 54. dxc4 d3 55. Rf1 d2 56. Qh7+ Kf8 57. Qxg6 Rb7 58. Rd3 Ke7 59. Qxf7# 1-0

[Event "POR-ch U18"]
[Site "Luso"]
[Date "2017.04.11"]
[Round "5"]
[White "Ribeiro, Rafael A Figueiredo"]
[Black "Vedor, Bernardo Marques"]
[Result "1/2-1/2"]
[WhiteElo "1697"]
[BlackElo "1657"]
[PlyCount "49"]
[EventDate "2017.04.08"]
[EventType "swiss"]
[EventRounds "7"]
[EventCountry "POR"]
[SourceTitle "EXT 2018"]
[Source "ChessBase"]
[SourceDate "2017.10.13"]
[SourceVersion "1"]
[SourceVersionDate "2017.10.13"]
[SourceQuality "1"]

1. Nf3 Nf6 2. b3 g6 3. Bb2 d5 4. e3 Bg7 5. Be2 0-0 6. 0-0 c5 7. c4 Nc6 8. cxd5 Nxd5 9. Bxg7 Kxg7 10. Qc2 b6 11. d4 Ncb4 12. Qb2 cxd4 13. Nxd4 Nf6 14. Bf3 Rb8 15. a3 Nd3 16. Qe2 Ne5 17. Rd1 Nxf3+ 18. Nxf3 Qc7 19. Nbd2 Bb7 20. Rac1 Bxf3 21. Nxf3 Qb7 22. Ne5 Rbc8 23. Qb2 Rfd8 24. Ng4 Rxc1 25. Rxc1 1/2-1/2

[Event "Gaia Profigaia op 9th"]
[Site "Vila Nova de Gaia"]
[Date "2016.06.28"]
[Round "7"]
[White "Duarte, Duarte Nuno Nog"]
[Black "Ribeiro, Rafael A Figueiredo"]
[Result "0-1"]
[WhiteElo "1952"]
[BlackElo "1749"]
[PlyCount "85"]
[EventDate "2016.06.24"]
[EventType "swiss"]
[EventRounds "7"]
[EventCountry "POR"]
[SourceTitle "EXT 2018"]
[Source "ChessBase"]
[SourceDate "2017.10.13"]
[SourceVersion "1"]
[SourceVersionDate "2017.10.13"]
[SourceQuality "1"]

1. Nf3 Nf6 2. d4 b6 3. c4 Bb7 4. Nc3 e6 5. Bg5 Be7 6. e3 0-0 7. Be2 d5 8. Ne5 Nbd7 9. Bxf6 Nxf6 10. 0-0 c5 11. dxc5 Bxc5 12. cxd5 Nxd5 13. Nxd5 Bxd5 14. Bf3 Qe7 15. Bxd5 exd5 16. Nf3 Qe4 17. Qb3 Rac8 18. Rfd1 Rfd8 19. Rd2 Be7 20. Rad1 Bf6 21. h3 g6 22. Qb5 Qc4 23. Qxc4 dxc4 24. Rxd8+ Rxd8 25. Rxd8+ Bxd8 26. Nd4 Bf6 27. Kf1 Bxd4 28. exd4 Kf8 29. Ke2 Ke7 30. a4 Kd6 31. Kd2 Kd5 32. Kc3 a6 33. f3 f5 34. g3 g5 35. h4 gxh4 36. gxh4 h5 37. a5 b5 38. b3 cxb3 39. Kxb3 Kxd4 40. Kb4 Kd5 41. f4 Kd6 42. Kb3 Kc5 43. Kc3 0-1

[Event "Gaia Profigaia op 9th"]
[Site "Vila Nova de Gaia"]
[Date "2016.06.27"]
[Round "6"]
[White "Ribeiro, Rafael A Figueiredo"]
[Black "Santos, Jose Miguel Sereno"]
[Result "1-0"]
[WhiteElo "1749"]
[BlackElo "1400"]
[PlyCount "157"]
[EventDate "2016.06.24"]
[EventType "swiss"]
[EventRounds "7"]
[EventCountry "POR"]
[SourceTitle "EXT 2018"]
[Source "ChessBase"]
[SourceDate "2017.10.13"]
[SourceVersion "1"]
[SourceVersionDate "2017.10.13"]
[SourceQuality "1"]

1. Nf3 d5 2. b3 Nf6 3. Bb2 Bf5 4. e3 Nbd7 5. Be2 e6 6. 0-0 Be7 7. d4 0-0 8. Nbd2 Rc8 9. c4 c6 10. Rc1 Re8 11. c5 Ne4 12. Nxe4 Bxe4 13. Bd3 Bxd3 14. Qxd3 Bf6 15. b4 e5 16. Qb3 Qc7 17. a4 e4 18. Nd2 Rb8 19. b5 Ra8 20. Nb1 a5 21. b6 Qd8 22. Bc3 Bg5 23. Qd1 Ra6 24. Nd2 Qe7 25. Nb3 Rea8 26. Qd2 Nf6 27. h3 h6 28. Ra1 Qd7 29. Ra2 Nh5 30. Rfa1 f5 31. Nxa5 f4 32. Nb3 f3 33. g4 Nf6 34. Kf1 Nxg4 35. hxg4 Qxg4 36. Qc2 Qg2+ 37. Ke1 Qg1+ 38. Kd2 Qxf2+ 39. Kc1 Bxe3+ 40. Kb2 Qxc2+ 41. Kxc2 g5 42. a5 Re8 43. Bd2 Bxd2 44. Nxd2 f2 45. Nf1 Rf8 46. Kd2 Rf3 47. Ra3 Rf4 48. Rh3 Kg7 49. Ke2 g4 50. Rh2 Kg6 51. Rxf2 Rxf2+ 52. Kxf2 Kg5 53. Ne3 h5 54. Nc2 h4 55. Nb4 Ra8 56. Nxc6 bxc6 57. b7 Rf8+ 58. Kg1 h3 59. Rf1 h2+ 60. Kxh2 Rxf1 61. b8Q Rf2+ 62. Kg3 Rf3+ 63. Kg2 e3 64. Qe5+ Kh4 65. Qh8+ Kg5 66. Qg7+ Kh5 67. a6 Rf2+ 68. Kg1 Ra2 69. a7 e2 70. Kf2 g3+ 71. Qxg3 Rxa7 72. Kxe2 Re7+ 73. Kd3 Ra7 74. Qe5+ Kg4 75. Qe6+ Kf4 76. Qxc6 Ra3+ 77. Kc2 Ke4 78. Qf6 Ra4 79. Qe5+ 1-0

[Event "Coimbra Queima das Fitas op"]
[Site "Coimbra"]
[Date "2016.04.23"]
[Round "3"]
[White "Ribeiro, Rafael A Figueiredo"]
[Black "Sa, Claudio Simao Carva"]
[Result "1/2-1/2"]
[WhiteElo "1673"]
[BlackElo "1759"]
[PlyCount "71"]
[EventDate "2016.04.22"]
[EventType "swiss"]
[EventRounds "7"]
[EventCountry "POR"]
[SourceTitle "EXT 2018"]
[Source "ChessBase"]
[SourceDate "2017.10.13"]
[SourceVersion "1"]
[SourceVersionDate "2017.10.13"]
[SourceQuality "1"]

1. e4 e6 2. d4 d5 3. exd5 exd5 4. Bd3 Bd6 5. Nf3 Nc6 6. c3 Bg4 7. 0-0 Qd7 8. Be3 Nge7 9. Re1 0-0 10. h3 Bf5 11. Qc2 Bxd3 12. Qxd3 Qf5 13. Qxf5 Nxf5 14. Nbd2 Rfe8 15. Nf1 f6 16. Bd2 Kf7 17. Ne3 Nxe3 18. Rxe3 Rxe3 19. Bxe3 Re8 20. Re1 a5 21. a4 Nd8 22. Bd2 Rxe1+ 23. Nxe1 Ne6 24. Nd3 c5 25. dxc5 Nxc5 26. Nxc5 Bxc5 27. Kf1 Ke6 28. Ke2 d4 29. f3 dxc3 30. Bxc3 b6 31. Kd3 Kd5 32. b3 Bf2 33. g4 Bc5 34. f4 Bd6 35. f5 h6 36. Bd4 1/2-1/2

[Event "POR-ch U16"]
[Site "Luso"]
[Date "2015.07.26"]
[Round "7"]
[White "Ribeiro, Rafael A Figueiredo"]
[Black "Santos, Rita Alexandra"]
[Result "1-0"]
[WhiteElo "1494"]
[BlackElo "1579"]
[PlyCount "101"]
[EventDate "2015.07.22"]
[EventType "swiss"]
[EventRounds "7"]
[EventCountry "POR"]
[SourceTitle "EXT 2018"]
[Source "ChessBase"]
[SourceDate "2017.10.13"]
[SourceVersion "1"]
[SourceVersionDate "2017.10.13"]
[SourceQuality "1"]

1. e4 e5 2. Nf3 Nc6 3. Bc4 Bc5 4. b4 Bxb4 5. c3 Ba5 6. d4 exd4 7. 0-0 dxc3 8. Qb3 Qe7 9. Nxc3 Bxc3 10. Qxc3 f6 11. Ba3 d6 12. e5 fxe5 13. Nxe5 Nxe5 14. Rfe1 g5 15. Rxe5 Qxe5 16. Re1 Qxe1+ 17. Qxe1+ Ne7 18. Bb2 Rf8 19. Bg7 Rf4 20. g3 Rf5 21. Bd3 Rf7 22. Bh6 g4 23. Qc3 Ng6 24. Bc4 Re7 25. Bg5 Re5 26. Bf6 Rf5 27. Bd3 Rc5 28. Bxg6+ hxg6 29. Qe3+ Kd7 30. Qe7+ Kc6 31. Qe8+ Bd7 32. Qxa8 Rc1+ 33. Kg2 Kb6 34. Bd4+ c5 35. Qd8+ Kc6 36. Be3 Rc2 37. a4 Ra2 38. a5 Bf5 39. Qe8+ Kc7 40. Qe7+ Kc6 41. Qe8+ Kc7 42. Qf7+ Kc6 43. Qxa2 Be4+ 44. Kf1 d5 45. Qd2 d4 46. Bxd4 cxd4 47. Qxd4 Bf5 48. Qxa7 Kb5 49. Qb6+ Ka4 50. Qxb7 Kxa5 51. Ke2 1-0

[Event "POR-ch U16"]
[Site "Luso"]
[Date "2015.07.25"]
[Round "6"]
[White "Antunes, Ricardo Miguel Mais"]
[Black "Ribeiro, Rafael A Figueiredo"]
[Result "0-1"]
[WhiteElo "1385"]
[BlackElo "1494"]
[PlyCount "162"]
[EventDate "2015.07.22"]
[EventType "swiss"]
[EventRounds "7"]
[EventCountry "POR"]
[SourceTitle "EXT 2018"]
[Source "ChessBase"]
[SourceDate "2017.10.13"]
[SourceVersion "1"]
[SourceVersionDate "2017.10.13"]
[SourceQuality "1"]

1. e4 d5 2. exd5 Nf6 3. c4 c6 4. dxc6 Nxc6 5. Be2 Bf5 6. Na3 e6 7. Nc2 Bc5 8. Nf3 Bxc2 9. Qxc2 Qb6 10. 0-0 Ng4 11. d4 Bxd4 12. Nxd4 Qxd4 13. Bxg4 Qxg4 14. h3 Qg6 15. Qxg6 hxg6 16. f4 0-0-0 17. Be3 Rd3 18. Kf2 Rhd8 19. Rac1 Kc7 20. a3 Nd4 21. Rfd1 Nf5 22. Rxd3 Rxd3 23. Bxa7 Rd2+ 24. Kg1 Rxb2 25. Bc5 Nh4 26. Bf2 Nf5 27. Rc3 Nd6 28. Bd4 Ne4 29. Be5+ Kc6 30. Rc1 Rb3 31. Bxg7 Rxa3 32. Bb2 Rb3 33. Bd4 Rb4 34. Be3 Nd6 35. c5 Ne4 36. g4 Rb3 37. Re1 Nxc5 38. h4 Rd3 39. Bxc5 Kxc5 40. Re5+ Kc6 41. h5 Rg3+ 42. Kf2 Rxg4 43. Kf3 gxh5 44. Rxh5 f5 45. Rh6 Kd5 46. Rh1 Rg6 47. Rb1 Kc6 48. Rc1+ Kd7 49. Rd1+ Kc8 50. Rc1+ Kb8 51. Rb1 Rh6 52. Kg3 Rh7 53. Rb6 Re7 54. Rb1 Rc7 55. Re1 Rc6 56. Kh4 Kc7 57. Kg5 b5 58. Kf6 Kd7 59. Rd1+ Rd6 60. Rb1 Rd4 61. Rxb5 Rxf4 62. Rb7+ Kc6 63. Re7 Re4 64. Ra7 Kd5 65. Rd7+ Kc5 66. Rd8 Rd4 67. Re8 Re4 68. Rd8 f4 69. Kg5 e5 70. Kf5 Re3 71. Rc8+ Kd4 72. Rd8+ Kc3 73. Rc8+ Kd2 74. Ra8 Ke2 75. Ra2+ Kf3 76. Rh2 Kg3 77. Rh5 f3 78. Rg5+ Kf2 79. Rh5 Ke1 80. Rh3 Ke2 81. Rh2+ f2 0-1

[Event "POR-ch U16"]
[Site "Luso"]
[Date "2015.07.25"]
[Round "5"]
[White "Ribeiro, Rafael A Figueiredo"]
[Black "Goncalves, Goncalo Cravo Jesus"]
[Result "0-1"]
[WhiteElo "1494"]
[BlackElo "1756"]
[PlyCount "52"]
[EventDate "2015.07.22"]
[EventType "swiss"]
[EventRounds "7"]
[EventCountry "POR"]
[SourceTitle "EXT 2018"]
[Source "ChessBase"]
[SourceDate "2017.10.13"]
[SourceVersion "1"]
[SourceVersionDate "2017.10.13"]
[SourceQuality "1"]

1. e4 c5 2. Nf3 d6 3. d4 cxd4 4. Nxd4 Nf6 5. Nc3 a6 6. Bc4 e6 7. Be3 Nbd7 8. a4 Qc7 9. Qe2 Nc5 10. f3 Bd7 11. Nb3 Nxb3 12. Bxb3 b6 13. 0-0 Bc6 14. Rfd1 Be7 15. Rd2 0-0 16. Rad1 Bb7 17. Qf2 Nd7 18. Bf4 e5 19. Be3 Rfe8 20. Nd5 Bxd5 21. Bxd5 Rab8 22. c3 Nc5 23. b3 Nd7 24. Rc2 Nc5 25. Ra1 Rec8 26. b4 Nd3 0-1

[Event "POR-ch U16"]
[Site "Luso"]
[Date "2015.07.24"]
[Round "4"]
[White "Saraiva, Rafael Morais"]
[Black "Ribeiro, Rafael A Figueiredo"]
[Result "1-0"]
[WhiteElo "1617"]
[BlackElo "1494"]
[PlyCount "36"]
[EventDate "2015.07.22"]
[EventType "swiss"]
[EventRounds "7"]
[EventCountry "POR"]
[SourceTitle "EXT 2018"]
[Source "ChessBase"]
[SourceDate "2017.10.13"]
[SourceVersion "1"]
[SourceVersionDate "2017.10.13"]
[SourceQuality "1"]

1. Nf3 Nf6 2. g3 d5 3. Bg2 c5 4. 0-0 Nc6 5. d4 Bf5 6. c3 e6 7. Re1 Be7 8. Qb3 Qb6 9. Qxb6 axb6 10. Bf4 0-0 11. Nbd2 cxd4 12. Nxd4 Nxd4 13. cxd4 Ra4 14. Nf3 Ne4 15. a3 g5 16. Be3 Rc8 17. Rac1 Rac4 18. Ne5 Nd6 1-0

[Event "Madeira AEJ op 11th"]
[Site "Sao Joao da Madeira"]
[Date "2014.10.12"]
[Round "7"]
[White "Ribeiro, Rafael A Figueiredo"]
[Black "Cardoso, Artur Da Silva"]
[Result "1/2-1/2"]
[WhiteElo "1504"]
[BlackElo "1409"]
[PlyCount "112"]
[EventDate "2014.10.04"]
[EventType "swiss"]
[EventRounds "7"]
[EventCountry "POR"]
[SourceTitle "EXT 2018"]
[Source "ChessBase"]
[SourceDate "2017.10.13"]
[SourceVersion "1"]
[SourceVersionDate "2017.10.13"]
[SourceQuality "1"]

1. e4 e5 2. Nf3 d6 3. d4 exd4 4. Nxd4 Nf6 5. Nc3 Be7 6. Bc4 0-0 7. 0-0 a6 8. a4 c5 9. Nb3 Be6 10. Bxe6 fxe6 11. e5 dxe5 12. Qe2 Bd6 13. f4 Nc6 14. fxe5 Bxe5 15. Nxc5 Qe7 16. Nd3 Bd4+ 17. Be3 Bxe3+ 18. Qxe3 Qd6 19. Qc5 Qxc5+ 20. Nxc5 Rfe8 21. Rae1 e5 22. Nxb7 Reb8 23. Nc5 Rxb2 24. Re2 Nd4 25. Rxe5 Rxc2 26. N5e4 Rf8 27. Nxf6+ gxf6 28. Re4 Nb3 29. Nd5 Rc5 30. Rg4+ Kh8 31. Rxf6 Rxf6 32. Nxf6 Rc1+ 33. Kf2 Rc8 34. Rb4 Nc5 35. Ke3 Kg7 36. Ne4 Re8 37. Rc4 Ne6 38. Nd6 Rb8 39. Nf5+ Kf6 40. Nd4 Nd8 41. Nc6 Rb3+ 42. Kf2 Ne6 43. Nd4 Rb2+ 44. Rc2 Rxc2+ 45. Nxc2 Nc5 46. Nb4 Nxa4 47. Nxa6 Nc3 48. Nc5 Kf5 49. Kf3 h5 50. g3 Nd5 51. Nd3 Kg5 52. Nf4 Nf6 53. h3 Kf5 54. Ng2 Ne4 55. Ne3+ Ke5 56. g4 Ng5+ 1/2-1/2

[Event "Madeira AEJ op 11th"]
[Site "Sao Joao da Madeira"]
[Date "2014.10.11"]
[Round "6"]
[White "Pedroso, Manuel"]
[Black "Ribeiro, Rafael A Figueiredo"]
[Result "1/2-1/2"]
[WhiteElo "1357"]
[BlackElo "1504"]
[PlyCount "79"]
[EventDate "2014.10.04"]
[EventType "swiss"]
[EventRounds "7"]
[EventCountry "POR"]
[SourceTitle "EXT 2018"]
[Source "ChessBase"]
[SourceDate "2017.10.13"]
[SourceVersion "1"]
[SourceVersionDate "2017.10.13"]
[SourceQuality "1"]

1. e4 c5 2. Nf3 Nc6 3. d4 cxd4 4. Nxd4 d6 5. c4 g6 6. Be3 Bg7 7. Nc3 Nf6 8. f3 0-0 9. Qd2 Nxd4 10. Bxd4 b6 11. Be2 Ba6 12. 0-0 Rc8 13. b3 e6 14. Rac1 Qe7 15. Rfd1 Rfd8 16. Bf1 h5 17. Qf2 Bh6 18. Be3 Bxe3 19. Qxe3 Kg7 20. Qg5 Nd5 21. Rxd5 Qxg5 22. Rxg5 f6 23. Rg3 d5 24. exd5 exd5 25. Nxd5 Rxd5 26. Re1 Rd2 27. a4 Kf7 28. f4 Rcd8 29. Rge3 R8d7 30. Be2 Bb7 31. Bf3 Bxf3 32. Rxf3 R7d3 33. Rfe3 Rxe3 34. Rxe3 Rd4 35. g3 h4 36. Kf2 Rd2+ 37. Re2 Rd3 38. Re3 Rd2+ 39. Re2 Rd3 40. Re3 1/2-1/2

[Event "Madeira AEJ op 11th"]
[Site "Sao Joao da Madeira"]
[Date "2014.10.05"]
[Round "2"]
[White "Ribeiro, Rafael A Figueiredo"]
[Black "Martins, Goncalo Dias Paiva"]
[Result "1-0"]
[WhiteElo "1504"]
[BlackElo "1362"]
[PlyCount "57"]
[EventDate "2014.10.04"]
[EventType "swiss"]
[EventRounds "7"]
[EventCountry "POR"]
[SourceTitle "EXT 2018"]
[Source "ChessBase"]
[SourceDate "2017.10.13"]
[SourceVersion "1"]
[SourceVersionDate "2017.10.13"]
[SourceQuality "1"]

1. e4 d5 2. exd5 Qxd5 3. Nc3 Qa5 4. d4 Nf6 5. Bc4 c6 6. Nf3 Bg4 7. 0-0 Qc7 8. h3 h5 9. hxg4 hxg4 10. Ne5 Nd5 11. Qxg4 g5 12. Bxd5 f6 13. Nf3 cxd5 14. Nxd5 Qd6 15. Nxf6+ exf6 16. Re1+ Kf7 17. Bxg5 fxg5 18. Nxg5+ Kg7 19. Ne6+ Kf7 20. Qf5+ Ke8 21. Nxf8+ Kd8 22. Qg5+ Kc8 23. Re8+ Kc7 24. Qg7+ Nd7 25. Ne6+ Kc6 26. Rxh8 Rxh8 27. Qxh8 Qxe6 28. Qh3 Qe2 29. Qf3+ 1-0

[Event "POR-ch U16"]
[Site "Luso"]
[Date "2014.07.26"]
[Round "5"]
[White "Ribeiro, Rafael A Figueiredo"]
[Black "Bastos, Ana Raquel da Costa"]
[Result "0-1"]
[WhiteElo "1510"]
[BlackElo "1655"]
[PlyCount "118"]
[EventDate "2014.07.23"]
[EventType "swiss"]
[EventRounds "7"]
[EventCountry "POR"]
[SourceTitle "EXT 2015"]
[Source "ChessBase"]
[SourceDate "2014.11.20"]
[SourceVersion "1"]
[SourceVersionDate "2014.11.20"]
[SourceQuality "1"]

1. e4 c5 2. Nc3 Nc6 3. g3 g6 4. Bg2 Bg7 5. f4 d6 6. Nf3 e6 7. d3 Nge7 8. 0-0 0-0 9. Be3 Nd4 10. Nd2 Rb8 11. Nb3 Nec6 12. Bf2 b5 13. Rb1 a5 14. Nxd4 Nxd4 15. Ne2 b4 16. g4 Bd7 17. Nxd4 cxd4 18. b3 Qc7 19. Be1 Rfc8 20. Rc1 Rb5 21. Bd2 Rc5 22. Be1 Rxc2 23. Rxc2 Qxc2 24. Qxc2 Rxc2 25. Rf2 Rc1 26. Kf1 Bb5 27. Rd2 e5 28. Ke2 exf4 29. Bh4 f6 30. g5 fxg5 31. Bxg5 Be5 32. Bd8 a4 33. Bh3 Kf7 34. Ba5 axb3 35. axb3 Rc3 36. Bxb4 Rxb3 37. Ba5 f3+ 38. Kxf3 Rxd3+ 39. Rxd3 Bxd3 40. Bb6 Bc2 41. Bf1 d3 42. Ke3 Bxh2 43. Bxd3 Bg1+ 44. Kf4 Bh2+ 45. Ke3 Bxd3 46. Kxd3 g5 47. Ke2 h5 48. Kf2 Bf4 49. Kf3 Ke6 50. Ba5 Be5 51. Bd2 g4+ 52. Kg2 h4 53. Be3 h3+ 54. Kg1 g3 55. Kf1 Kf6 56. Kg1 Kg6 57. Kf1 Kh5 58. Kg1 Kg4 59. Ba7 Kf3 0-1

[Event "POR-ch U16"]
[Site "Luso"]
[Date "2014.07.25"]
[Round "4"]
[White "Silva, Mariana Sofia Teixe"]
[Black "Ribeiro, Rafael A Figueiredo"]
[Result "1/2-1/2"]
[WhiteElo "1622"]
[BlackElo "1510"]
[PlyCount "168"]
[EventDate "2014.07.23"]
[EventType "swiss"]
[EventRounds "7"]
[EventCountry "POR"]
[SourceTitle "EXT 2015"]
[Source "ChessBase"]
[SourceDate "2014.11.20"]
[SourceVersion "1"]
[SourceVersionDate "2014.11.20"]
[SourceQuality "1"]

1. e4 c6 2. Ne2 d5 3. e5 Bf5 4. Ng3 Bg6 5. h4 h6 6. h5 Bh7 7. e6 fxe6 8. d4 e5 9. dxe5 e6 10. Bd3 Bxd3 11. Qxd3 Ne7 12. 0-0 Nd7 13. Re1 Qc7 14. Qd4 Nb6 15. Qg4 Qd7 16. Be3 0-0-0 17. Bxb6 axb6 18. Nd2 c5 19. a4 Nc6 20. Nb1 c4 21. Nc3 Bb4 22. Re2 Bxc3 23. bxc3 Kc7 24. f4 Rhf8 25. Rd2 Qf7 26. Ne2 Rg8 27. Qg6 Rdf8 28. Rf1 Qxg6 29. hxg6 h5 30. Rdd1 Rh8 31. Rf3 h4 32. Rh3 Rh6 33. Rf1 Rfh8 34. f5 exf5 35. Rxf5 Rxg6 36. Nf4 Rgh6 37. Nxd5+ Kd7 38. Nxb6+ Ke6 39. Rg5 R8h7 40. Nxc4 Rh5 41. Rg6+ Kd5 42. Ne3+ Kxe5 43. Rf3 Nd8 44. Ng4+ Kd5 45. Rxg7 Rxg7 46. Nf6+ Kc6 47. Nxh5 Rg5 48. Nf6 Ne6 49. Rh3 Rf5 50. Ng4 Rc5 51. Kf2 Kd6 52. Rd3+ Kc7 53. Rh3 Rc4 54. Rxh4 Rxa4 55. Rh7+ Kd6 56. Ne3 b5 57. Rh5 Ra3 58. Rxb5 Rxc3 59. Rb6+ Kd7 60. g4 Rc5 61. Rb3 Ke7 62. Kg3 Kf6 63. Rd3 Ke5 64. Rd2 Nd4 65. Rh2 Ke4 66. Nf1 Rxc2 67. Nd2+ Kd5 68. Rg2 Ke6 69. Rf2 Rc8 70. Ne4 Ke5 71. Ng5 Rg8 72. Nh3 Ne6 73. Rf5+ Kd6 74. g5 Ng7 75. Rf6+ Ke5 76. Kg4 Ne6 77. Rf5+ Kd6 78. Ra5 Ng7 79. Nf2 Re8 80. Ra4 Re2 81. Rf4 Ne6 82. Rf6 Ke7 83. Nh3 Rg2+ 84. Kh5 Rxg5+ 1/2-1/2